000 01131ngm a22004210a 4500
001 PT20577
003 AR-LpoUNG
005 20210201232247.0
007 co ||u|||uuuuu
008 191001s2004||||ag |||||||||||||||||spa d
040 _aAR-LpoUNG
_bspa
_cAR-LpoUNG
_eaacr
041 _aspa
044 _aag
082 0 _a310 anu38-2004
245 1 0 _aAnuario estadístico de la República Argentina 2004
250 _a1º edición
260 _aBuenos Aires :
_bInstituto Nacional de Estadística y Censos,
_c2004.
650 4 _aDATOS ESTADISTICOS
650 4 _aECONOMIA
650 4 _aEDUCACION
650 4 _aESTABILIDAD ECONOMICA
650 4 _aESTADISTICA
650 4 _aINVESTIGACION
650 4 _aNECESIDADES BASICAS
650 4 _aPOBLACION
650 4 _aPRECIOS
650 4 _aPROCESAMIENTO DE DATOS
650 4 _aRECOPILACION DE DATOS
650 4 _aSALUD
650 4 _aSECTOR PUBLICO
650 4 _aSEGURIDAD SOCIAL
650 4 _aTRABAJO
650 4 _aVIVIENDA
651 4 _aArgentina
710 2 _aInstituto Nacional de Estadística y Censos (Argentina)
905 _a20577
942 _cCDDVD
999 _c53152
_d53152